000 00543nam a2200181Ia 4500
008 090123s9999 xx 000 0 und d
082 _b28613
100 _aनरवणे सुधा
245 _aविसरु दे मला
250 _a1
260 _bचंद्रमौळी प्रकाशन
_c1998
300 _a152
600 _aनरवणे सुधा
630 _aविसरु दे मला
700 _aनरवणे सुधा
730 _aविसरु दे मला
942 _cBOOK
999 _c67148
_d67148